000 00870nam a2200205Ii 4500
003 JO-AjNU
008 230605s9999||||xx |||||||||||||| ||und||
040 _aJO-AjNU
_bara
_erda
_cJO-AjNU
041 _aara
050 1 4 _aBP145.Z8488 1999
100 3 _aتاليف الزلمي، مصطفى ابراهيم، م.مشارك علي احمد صالح المهداوي,
_eauthor
_946504
245 0 0 _aاصول الفقه في نسيجه الجديد وتطبيقاته في التشريعات القانونية وخاصة القانون المدني الاردني رقم 43 لسنة 1976
250 _aط1
264 3 1 _aاربد: المركز القومي للنشر، 1999
300 _a436ص
336 _atext
_btxt
_2rdacontent
337 _aunmediated
_bn
_2rdamedia
338 _avolume
_bnc
_2rdacarrier
650 4 _aالفقة الاسلامي - اصول
_946505
999 _aA20236
_c23804
_d23804